Stavba domu v praksi Díl I.: Náčrty, stavební plány, prováděcí plány, podrobné plány a provedení stavby až do rovnosti /
Saved in:
| Main Author: | |
|---|---|
| Format: | Book |
| Language: | Czech |
| Published: |
Praha :
vlastným nákladom,
1932
|
| Edition: | 1. vydanie |
| Subjects: | |
| Tags: |
No Tags, Be the first to tag this record!
|
MARC
| LEADER | 00000nam a22000003a 4500 | ||
|---|---|---|---|
| 001 | 0069766 | ||
| 003 | SK-STU | ||
| 005 | 20190402153805.7 | ||
| 007 | ta | ||
| 008 | 181212s ----xo-----e------000-0-----d | ||
| 040 | |a STU |b slo | ||
| 041 | 0 | |a cze | |
| 044 | |a xr | ||
| 100 | 1 | |a Ondřej, Severin |4 aut | |
| 245 | 1 | 0 | |a Stavba domu v praksi Díl I.: |b Náčrty, stavební plány, prováděcí plány, podrobné plány a provedení stavby až do rovnosti / |c aut. Severin Ondřej |
| 250 | |a 1. vydanie | ||
| 260 | |a Praha : |b vlastným nákladom, |c 1932 | ||
| 300 | |a 203 s. ; |b 351 obrazov v texte a 19 príloh (tabulky) | ||
| 650 | 0 | 7 | |a stavba |
| 650 | 0 | 7 | |a obytné budovy |
| 650 | 0 | 7 | |a historické konštrukcie |
| 650 | 0 | 7 | |a plány |
| 650 | 0 | 7 | |a stavebné konštrukcie |
| 996 | |b 284AU07817 |c A* 11076/U |l AAKNST |s P |a 0 |w 0069766_0001 | ||